UM Logo
Normal view MARC view
  • Law enforcement

Entry Topical Term

Number of records used in: 1

001 - CONTROL NUMBER

  • control field: 43796

003 - CONTROL NUMBER IDENTIFIER

  • control field: OSt

005 - DATE AND TIME OF LATEST TRANSACTION

  • control field: 20220117142558.0

008 - FIXED-LENGTH DATA ELEMENTS

  • fixed length control field: 220117|| aca||aabn | a|a d

040 ## - CATALOGING SOURCE

  • Original cataloging agency: OSt
  • Transcribing agency: OSt

150 ## - HEADING--TOPICAL TERM

  • Topical term or geographic name entry element: Law enforcement
  • General subdivision: Education
  • General subdivision: Hearing impaired.

670 ## - SOURCE DATA FOUND

  • Source citation: Work cat.: (OSt): Murgado, Amaury. 43795, Dealing with the deaf:, ©Sept 2013-May 2016.